000 00674nam a2200277Ia 4500
005 20260324125357.0
008 008 260324s9999 xx 000 0 eng d
020 _a9781315239088
037 _aEBOOK
040 _aCRL
040 _beng
040 _cCRL
041 _2eng
041 _aeng
084 _qCRL
100 _aJosef Ehmer; Catharina Lis
_91177758
245 4 _aThe Idea of Work in Europe from Antiquity to Modern Times
260 _bTaylor and Francis
260 _c2009
365 _a
365 _b65.99
856 _uhttp://www.taylorfrancis.com/books/9781315239088
942 _cEBOOK
999 _c1772939
_d1772939